| Tag |
First Indicator |
Second Indicator |
Subfields |
| LEADER |
00000cam a2200000 a 4500 |
| 001 |
in00001406579 |
| 005 |
20151020072801.0 |
| 008 |
970612s1998 enk b 001 0 eng |
| 010 |
|
|
|a 97018010
|
| 015 |
|
|
|a GB98-55834
|
| 019 |
|
|
|a 39962009
|
| 020 |
|
|
|a 0521474116
|
| 020 |
|
|
|a 0521479444 (pbk.)
|
| 029 |
1 |
|
|a UKM
|b b9855834
|
| 035 |
|
|
|a (OCoLC)ocm37155177
|
| 040 |
|
|
|a DLC
|c DLC
|d C#P
|d UKM
|d UtOrBLW
|
| 049 |
|
|
|a TXAM
|
| 050 |
0 |
0 |
|a TA157
|b .W47 1998
|
| 082 |
0 |
0 |
|a 174/.962
|2 21
|
| 100 |
1 |
|
|a Whitbeck, Caroline.
|
| 245 |
1 |
0 |
|a Ethics in engineering practice and research /
|c Caroline Whitbeck.
|
| 264 |
|
1 |
|a Cambridge, England ;
|a New York :
|b Cambridge University Press,
|c 1998.
|
| 300 |
|
|
|a xx, 330 pages ;
|c 24 cm.
|
| 336 |
|
|
|a text
|b txt
|2 rdacontent
|
| 337 |
|
|
|a unmediated
|b n
|2 rdamedia
|
| 338 |
|
|
|a volume
|b nc
|2 rdacarrier
|
| 504 |
|
|
|a Includes bibliographical references (pages 313-323) and index.
|
| 650 |
|
0 |
|a Engineering ethics.
|
| 856 |
4 |
2 |
|3 Publisher description
|u http://www.loc.gov/catdir/description/cam028/97018010.html
|t 0
|
| 856 |
4 |
1 |
|3 Table of contents
|u http://www.loc.gov/catdir/toc/cam025/97018010.html
|t 0
|
| 945 |
|
|
|a PromptCat
|
| 946 |
|
|
|a qatar
|
| 947 |
|
|
|a Q14800024899
|
| 948 |
|
|
|a c:dm
|
| 994 |
|
|
|a 92
|b TXA
|
| 999 |
|
|
|a MARS
|
| 999 |
f |
f |
|s 208d702c-fea5-3fd9-97df-8b2979a65800
|i a608622d-0f3c-3796-9bc2-fff0660ef5fe
|t 0
|
| 952 |
f |
f |
|p ric
|a Texas A&M University
|b Rellis Campus
|c Joint Library Facility
|d Remote Storage
|t 0
|e TA157 .W47 1998
|h Library of Congress classification
|i unmediated -- volume
|m A14823323911
|
| 998 |
f |
f |
|a TA157 .W47 1998
|t 0
|l Remote Storage
|